000 00551nam a2200181Ia 4500
003 LK-CoDNM
008 010623t1989 xxu||||| |||| 00| 1 sin d
040 _aLK-CoDNM
_dLK-CoDNM
_eLK-CoDNM
041 _asin
080 _a294.3
100 _aSumana himi,Diyapattugama
245 _aපැරණි බෞද්ධ වන්දනා ගාථා හා පූජා ගාථා එකතුව
246 _aParani Bauddha Wandana Gatha ha Puja Gatha Ekatuwa
260 _b
_c1989
300 _b315p, 15 cm
650 _aBuddhism
942 _cBK
999 _c114393
_d114393